| 000 | 01075nas a2200325 c 4500 | ||
|---|---|---|---|
| 001 | 25480 | ||
| 003 | ES-MaCES | ||
| 005 | 20250331113854.0 | ||
| 007 | cr ||||||||||| | ||
| 008 | 951116c1994 sp m| | |spa d | ||
| 022 | 1 | _a1134-6574 | |
| 035 |
_aCES19980004611p _z10474 |
||
| 040 |
_aES-MaCES _bspa _cES-MaCES |
||
| 245 | 0 | 0 | _aTemas para el debate |
| 260 |
_aMadrid (Fuencarral, 127, 28010) _bIniciativas editoriales Sistema _c1994- |
||
| 300 |
_av. _c28 cm |
||
| 310 | _aMensual | ||
| 362 | 0 | _aN. 1 (dic. 1994)- | |
| 541 | _cCompra | ||
| 650 | 4 |
_asociología _927257 |
|
| 650 | 4 |
_apolítica _927246 |
|
| 653 | 1 | 0 | _aCiencias Sociales-Políticas |
| 853 | 2 | 1 |
_bn. _iaño _jmes _vc _wm |
| 856 | 4 |
_uhttps://fundacionsistema.com/revista-temas-numeros/ _ytabla de contenidos |
|
| 866 | 0 |
_a1994-2006(2007)2008-2011(2012)2013-2019(2020)2021-2022(2023)2024- _zUbicación: DEPÓSITO - 10474 _zUbicación: SALA - REV.-7.0.-12 |
|
| 905 |
_1Boletín D _fP _kSÍ _nTemDeb _pA |
||
| 942 |
_2CES _cCR _h7.0. |
||
| 999 |
_c25480 _d25480 |
||